00364nam a2200133Ia 4500003000400000005001700004008004100021040001600062082001700078100002300095245004800118260005300166300001100219GCL20240530100350.0140319s9999 xx 000 0 eng d aGCL / cGCL04a331.133bF D1 aFERNANDEZ, JOHN P.10aThe Diversity AdvantagecFERNANDEZ, JOHN P. a[S.N] : bMacmillan Publishing Company ، c1993 a344 PP